000 00447nam a2200157 i 4500
001 49048
003 ES-MaACL
005 20230906161855.0
007 t|
008 030707s1964 sp ||||1| spa d
100 1 _aCorral, Alejandro.
_940704
245 1 0 _aPoema blanco
_b: Corpus en Toledo /
_cAlejandro Corral.
260 _a[Toledo :
_bEdit. Católica Toledana],
_c1964.
300 _a14 p. ;
_c29 cm.
852 _aES-MaACL
_j2026-F-16
_bR.55114
999 _c49048
_d49048